Подробности
| 000 -МАРКЕР |
| контрольное поле |
02348nam0a2200433 4500 |
| 001 - ИДЕНТИФИКАТОР ЗАПИСИ |
| контрольное поле |
RU\NLR\bibl\75108 |
| 005 - ИДЕНТИФИКАТОР ВЕРСИИ |
| контрольное поле |
20250616101336.0 |
| 010 ## - МЕЖДУНАРОДНЫЙ СТАНДАРТНЫЙ НОМЕР КНИГИ (ISBN) |
| Номер (ISBN) |
5-8192-0034-9 |
| Тираж |
300 |
| 021 ## - НОМЕР ГОСУДАРСТВЕННОЙ РЕГИСТРАЦИИ |
| Код страны |
российская федерация |
| Номер |
1999-45330 |
| Номер Листа государственной регистраци |
2234 |
| 035 ## - ДРУГИЕ СИСТЕМНЫЕ НОМЕРА |
| Идентификатор записи |
(NLR Aleph) 000073299 |
| 100 ## - ДАННЫЕ ОБЩЕЙ ОБРАБОТКИ |
| Данные общей обработки |
20000315d1999 |||y0rusy50 ca |
| 101 0# - ЯЗЫК РЕСУРСА |
| Язык текста, звукозаписи и т.д. |
русский |
| 102 ## - СТРАНА ПУБЛИКАЦИИ ИЛИ ПРОИЗВОДСТВА |
| Страна публикации |
российская федерация |
| 105 ## - ПОЛЕ КОДИРОВАННЫХ ДАННЫХ: ТЕКСТОВЫЕ МАТЕРИАЛЫ, МОНОГРАФИЧЕСКИЕ |
| Кодированные данные о монографическом текстовом документе |
y ||||||||| |
| 135 ## - ПОЛЕ КОДИРОВАННЫХ ДАННЫХ: ЭЛЕКТРОННЫЕ РЕСУРСЫ |
| Кодированные данные для электронного ресурса |
crmn mmmanaba |
| 200 1# - ЗАГЛАВИЕ И СВЕДЕНИЯ ОБ ОТВЕТСТВЕННОСТИ |
| Основное заглавие |
Современные пользователи автоматизированных информационно-библиотечных систем: проблемы обслуживания, изучения и обучения |
| Сведения, относящиеся к заглавию |
Материалы 2-й науч.-практ. конф., 25-27 марта 1998 г. |
| Первые сведения об ответственности |
[Сост. и ред. Е.Д. Жабко, Т.В. Соколова - кандидаты пед. наук] |
| 210 ## - ПУБЛИКАЦИЯ, РАСПРОСТРАНЕНИЕ И ДР. |
| Место издания, распространения и т.д. |
СПб |
| Имя издателя, распространителя и т. д. |
Изд-во РНБ |
| Дата издания, распространения и т.д. |
1999 |
| 215 ## - ФИЗИЧЕСКАЯ ХАРАКТЕРИСТИКА |
| Специфическое обозначение материала и объем |
128 с. |
| Размеры |
20 |
| 300 ## - ОБЩИЕ ПРИМЕЧАНИЯ |
| Текст примечания |
В надзаг.: Рос. библ. ассоциация, Рос. нац. б-ка |
| 325 ## - ПРИМЕЧАНИЕ О КОПИИ |
| Текст примечания |
Копия доступна в Электрон. б-ке РНБ |
| 606 0# - НАИМЕНОВАНИЕ ТЕМЫ КАК ПРЕДМЕТ |
| Наименование темы |
Библиотечное дело |
| Формальный подзаголовок |
Сборники |
| Тематический подзаголовок |
Автоматизация |
| Системный номер авторитетной/нормативной записи |
2083775 |
| Идентификатор авторитетной/нормативной записи |
RU\NLR\auth\661259847 |
| 606 0# - НАИМЕНОВАНИЕ ТЕМЫ КАК ПРЕДМЕТ |
| Наименование темы |
Библиотечное дело |
| Формальный подзаголовок |
Съезды, совещания и т.п. |
| Тематический подзаголовок |
Автоматизация |
| Системный номер авторитетной/нормативной записи |
2083775 |
| Идентификатор авторитетной/нормативной записи |
RU\NLR\auth\661259847 |
| 606 0# - НАИМЕНОВАНИЕ ТЕМЫ КАК ПРЕДМЕТ |
| Наименование темы |
Библиотеки |
| Формальный подзаголовок |
Сборники |
| Тематический подзаголовок |
Информационно-библиографическое обеспечение |
| Системный номер авторитетной/нормативной записи |
2164051 |
| Идентификатор авторитетной/нормативной записи |
RU\NLR\auth\661302191 |
| 606 0# - НАИМЕНОВАНИЕ ТЕМЫ КАК ПРЕДМЕТ |
| Наименование темы |
Библиотеки |
| Формальный подзаголовок |
Съезды, совещания и т.п. |
| Тематический подзаголовок |
Информационно-библиографическое обеспечение |
| Системный номер авторитетной/нормативной записи |
2164051 |
| Идентификатор авторитетной/нормативной записи |
RU\NLR\auth\661302191 |
| 686 ## - ИНДЕКСЫ ДРУГИХ КЛАССИФИКАЦИЙ |
| Индекс |
Ч738.3я431 |
| 686 ## - ИНДЕКСЫ ДРУГИХ КЛАССИФИКАЦИЙ |
| Индекс |
Ч735.272я431 |
| 702 #1 - ИМЯ ЛИЦА - ВТОРИЧНАЯ ОТВЕТСТВЕННОСТЬ |
| Начальный элемент ввода |
Жабко |
| Часть имени, кроме начального элемента ввода |
Е. Д. |
| Расширение инициалов личного имени |
Елена Дмитриевна |
| Код отношения |
Составитель |
| 801 #0 - ИСТОЧНИК ЗАПИСИ |
| Страна |
российская федерация |
| Организация |
NLR |
| Дата составления |
20000315 |
| Правила каталогизации |
PSBO |
| 801 #1 - ИСТОЧНИК ЗАПИСИ |
| Страна |
российская федерация |
| Организация |
NLR |
| Дата составления |
20000315 |
| 852 ## - МЕСТОНАХОЖДЕНИЕ И ШИФР ХРАНЕНИЯ |
| Идентификатор организации |
NLR |
| Шифр хранения (Call Number) |
Б 7130/Ж-123 |
| 942 ## - ДОПОЛНИТЕЛЬНЫЕ ЭЛЕМЕНТЫ ЗАПИСИ (АБИС) |
| Тип экземпляра АБИС |
Книга |
| 980 ## - КОЛЛЕКЦИЯ |
| Название коллекции |
Национальная библиография |
| 981 18 - КОЛЛЕКЦИЯ ЭЛЕКТРОННОЙ БИБЛИОТЕКИ |
| Название коллекции |
Планета РНБ |
| Название подколлекции |
Труды сотрудников РНБ |